000 00248nam a2200097Ia 4500
001 734491
005 20250826163834.0
008 250824s9999 xx 000 0 und d
245 0 _aPAYLAŞIM MEDENİYETİ
_cHASAN BASRİ BİLGİN
260 _bYEDİVEREN
999 _c734491
_d734491